|
|
|
|
| LEADER |
00000nab a2200000 a 4500 |
| 001 |
vtls000812262 |
| 003 |
SK-MaSNL |
| 005 |
20260302165327.0 |
| 008 |
140301c2002 xo 0 slo |
| 015 |
|
|
|a SNBRB2002/11-34521
|
| 035 |
|
|
|a CLN000163917
|
| 040 |
|
|
|a SNKBUCL
|b slo
|c SNKBUCL
|e AACR2
|
| 041 |
0 |
|
|a slo
|
| 044 |
|
|
|a xo
|c SK
|
| 080 |
|
|
|a 69-051
|2 1997
|
| 080 |
|
|
|a 37-051
|2 1997
|
| 080 |
|
|
|a 929 Honner, Karol
|2 1997
|
| 245 |
0 |
0 |
|a Jubileum - prof. Ing. Karol Honner, PhD.
|
| 300 |
|
|
|b Fotogr.
|
| 600 |
1 |
7 |
|a Honner, Karol,
|d 1932-
|2 snkbucl
|9 37508
|
| 655 |
|
7 |
|a články z novín a časopisov
|2 snkbucl
|9 267496
|
| 773 |
0 |
|
|t Projekt a stavba
|g Roč. 4, č. 7-8 (2002), s. 59
|x 1335-5007
|
| 850 |
|
|
|a Slovenská národná knižnica v Martine
|
| 852 |
|
|
|a SNK
|b KIS3GCP
|
| 958 |
|
|
|a SK
|
| 958 |
|
|
|a BX
|
| 992 |
|
|
|a RBX
|
| 999 |
|
|
|c 1389618
|d 1391548
|